Innovation The NASA Way : (Record no. 22114)
[ view plain ]
| 000 -LEADER | |
|---|---|
| fixed length control field | 00721nam a22002297a 4500 |
| 003 - CONTROL NUMBER IDENTIFIER | |
| control field | IBSLLIB |
| 005 - DATE AND TIME OF LATEST TRANSACTION | |
| control field | 20260513050713.0 |
| 008 - FIXED-LENGTH DATA ELEMENTS--GENERAL INFORMATION | |
| fixed length control field | 260513b |||||||| |||| 00| 0 eng d |
| 020 ## - INTERNATIONAL STANDARD BOOK NUMBER | |
| International Standard Book Number | 9780071829137 |
| 040 ## - CATALOGING SOURCE | |
| Original cataloging agency | IBSLLIB |
| Language of cataloging | English |
| 041 ## - LANGUAGE CODE | |
| Language code of original | English |
| 082 ## - DEWEY DECIMAL CLASSIFICATION NUMBER | |
| Classification number | 358.4 |
| Item number | PYL |
| 100 ## - MAIN ENTRY--PERSONAL NAME | |
| Personal name | Pyle , Rod |
| 245 ## - TITLE STATEMENT | |
| Title | Innovation The NASA Way : |
| Remainder of title | Harnessing The Power Of Your Organization For Breakthrough Success |
| 260 ## - PUBLICATION, DISTRIBUTION, ETC. (IMPRINT) | |
| Place of publication, distribution, etc. | New York : |
| Name of publisher, distributor, etc. | MC Graw Hill Education , |
| Date of publication, distribution, etc. | 2014 |
| 300 ## - PHYSICAL DESCRIPTION | |
| Extent | 278 P ; |
| Dimensions | 24 CM |
| 653 ## - INDEX TERM--UNCONTROLLED | |
| Uncontrolled term | United States |
| 653 ## - INDEX TERM--UNCONTROLLED | |
| Uncontrolled term | National Aeronautics and Space Administration- History |
| 653 ## - INDEX TERM--UNCONTROLLED | |
| Uncontrolled term | Technological Innovations - Case Studies |
| 653 ## - INDEX TERM--UNCONTROLLED | |
| Uncontrolled term | Creative Thinking - Case Studies |
| 942 ## - ADDED ENTRY ELEMENTS (KOHA) | |
| Koha item type | Lending Book |
No items available.
